Northern Ireland property market analysis project (NIPMAP). - Report no.14 (January-March 1988) - no.17 (October-December 1988) (Record no. 95586)

MARC details
000 -LEADER
fixed length control field 00711cam a2200253 4500
001 - CONTROL NUMBER
control field J107
008 - FIXED-LENGTH DATA ELEMENTS--GENERAL INFORMATION
fixed length control field 090401t1988 xxu||||| |||| 00| 0 eng d
035 ## - SYSTEM CONTROL NUMBER
System control number (Sirsi) u73402
041 ## - LANGUAGE CODE
Language code of text/sound track or separate title eng
050 ## - LIBRARY OF CONGRESS CALL NUMBER
Classification number 306.1
100 ## - MAIN ENTRY--PERSONAL NAME
Personal name Adair, A.
245 ## - TITLE STATEMENT
Title Northern Ireland property market analysis project (NIPMAP). - Report no.14 (January-March 1988) - no.17 (October-December 1988)
260 ## - PUBLICATION, DISTRIBUTION, ETC.
Place of publication, distribution, etc. Newtownabbey,
Name of publisher, distributor, etc. University of Ulster
Date of publication, distribution, etc. 1988
300 ## - PHYSICAL DESCRIPTION
Extent 4v. ; 30cm.
350 ## - PRICE (NR) (BK AM CF MU VM SE) [OBSOLETE]
Price 0
520 ## - SUMMARY, ETC.
Summary, etc. Published quarterly
650 ## - SUBJECT ADDED ENTRY--TOPICAL TERM
Topical term or geographic name entry element HOUSE PRICES
650 ## - SUBJECT ADDED ENTRY--TOPICAL TERM
Topical term or geographic name entry element NORTHERN IRELAND
650 ## - SUBJECT ADDED ENTRY--TOPICAL TERM
Topical term or geographic name entry element PROPERTY MARKET
700 ## - ADDED ENTRY--PERSONAL NAME
Personal name McGreal, Stanley
700 ## - ADDED ENTRY--PERSONAL NAME
Personal name McKay, Stephen
942 ## - ADDED ENTRY ELEMENTS (KOHA)
Suppress in OPAC 0
948 ## - LOCAL PROCESSING INFORMATION (OCLC); SERIES PART DESIGNATOR (RLIN)
c (OCLC) 04/03/1997
Holdings
Withdrawn status Lost status Source of classification or shelving scheme Damaged status Not for loan Home library Current library Shelving location Date acquired Total Checkouts Full call number Barcode Date last seen Copy number Price effective from Koha item type
    Dewey Decimal Classification     London London Property market reports 05/09/1991   LIBRARY ANNEXE 30000679 06/08/2019 1 06/08/2019 Reference material
    Dewey Decimal Classification     London London Property market reports 05/09/1991   LIBRARY ANNEXE 30000680 06/08/2019 2 06/08/2019 Reference material
    Dewey Decimal Classification     London London Property market reports 05/09/1991   LIBRARY ANNEXE 30000681 06/08/2019 3 06/08/2019 Reference material
    Dewey Decimal Classification     London London Property market reports 05/09/1991   LIBRARY ANNEXE 30000682 06/08/2019 4 06/08/2019 Reference material